[Event "Euskadi-ch qual A (Women)"]
[Site "Bilbao"]
[Date "2015.06.27"]
[Round "3.2"]
[White "Buiza Prieto, Eihartze"]
[Black "Valdezate Garcia, Diana"]
[Result "1-0"]
[WhiteElo "2002"]
[BlackElo "1597"]
[PlyCount "87"]
[EventDate "2015.06.27"]
[EventType "swiss"]
[EventRounds "3"]
[EventCountry "ESP"]
[SourceTitle "EXT 2024"]
[Source "ChessBase"]
[SourceDate "2023.10.10"]
[SourceVersion "1"]
[SourceVersionDate "2023.10.10"]
[SourceQuality "1"]

1. e4 e6 2. Nf3 Nc6 3. Nc3 e5 4. Bb5 Bc5 5. 0-0 Nge7 6. Ne2 Ng6 7. c3 a6 8. Ba4 0-0 9. Ng3 d5 10. exd5 Qxd5 11. Bb3 Qd6 12. Ne4 Qe7 13. Nxc5 Qxc5 14. d3 Bf5 15. Qe2 Rad8 16. Rd1 Rd7 17. Be3 Qd6 18. d4 exd4 19. Nxd4 Nxd4 20. Rxd4 Qe7 21. Rad1 Re8 22. h3 Rxd4 23. cxd4 Be6 24. Qc2 Bxb3 25. Qxb3 b6 26. Rc1 Qd6 27. Qc4 c5 28. dxc5 bxc5 29. Qxc5 Qxc5 30. Rxc5 Rb8 31. Kf1 h6 32. b3 Ne7 33. Ke2 Nc8 34. Bf4 Ra8 35. Rc6 Ne7 36. Rc5 Re8 37. Kd3 Ng6 38. Be3 Ne5+ 39. Kc3 Nd7 40. Rc6 Re6 41. Rxe6 fxe6 42. Kb4 Nb8 43. Ka5 Kf8 44. Kb6 1-0